Equilibrium thermodynamics, 3/e (Record no. 273500)
[ view plain ]
| 000 -LEADER | |
|---|---|
| fixed length control field | 00265 a2200121 4500 |
| 001 - CONTROL NUMBER | |
| control field | 38427 |
| 082 ## - DEWEY DECIMAL CLASSIFICATION NUMBER | |
| Classification number | 536.7ADK |
| 090 ## - LOCALLY ASSIGNED LC-TYPE CALL NUMBER (OCLC); LOCAL CALL NUMBER (RLIN) | |
| -- | 24413 |
| -- | 24413 |
| 100 ## - MAIN ENTRY--PERSONAL NAME | |
| Personal name | Adkins C.J |
| 245 ## - TITLE STATEMENT | |
| Title | Equilibrium thermodynamics, 3/e |
| 250 ## - EDITION STATEMENT | |
| Edition statement | 3 |
| 260 ## - PUBLICATION, DISTRIBUTION, ETC. | |
| Place of publication, distribution, etc. | G Br |
| Name of publisher, distributor, etc. | Cambridge |
| Date of publication, distribution, etc. | 1983 |
| 942 ## - ADDED ENTRY ELEMENTS (KOHA) | |
| Institution code [OBSOLETE] | NUST-CAE |
| Call number prefix | 536.7ADK |
| Withdrawn status | Lost status | Damaged status | Not for loan | Collection code | Permanent Location | Current Location | Date acquired | Total Checkouts | Full call number | Barcode | Date last seen | Price effective from | Koha item type |
|---|---|---|---|---|---|---|---|---|---|---|---|---|---|
| College of Aeronautical Engineering (CAE) | College of Aeronautical Engineering (CAE) | 04/03/2017 | 536.7ADK | CAE68834 | 04/05/2017 | 04/05/2017 | Book |
